000 00293nam a2200121Ia 4500
008 190216s9999||||xx |||||||||||||| ||und||
100 _aAli S A
245 0 _aResources For Future Economic Growth
260 _bVikas Publishing House
_c1979
300 _a100p
650 _aCommerce
942 _cBK
999 _c4564
_d4564